世界の覇者4の特性 - Statistics

General Stats
  • This quiz has been taken 5 times
  • The average score is 83 of 305
Answer Stats
ユニット 特性 % Correct
AH-64 アパッチ | AuF1自走砲 | IS-3重戦車 | +17 others 機関銃
80%
8.8 cm Flak 36 | 80cm列車砲グスタフ | AuF1自走砲 | +8 others 火力
80%
アルピーニ | 工兵部隊 | 突撃歩兵 | 装甲歩兵 工兵
60%
E-775装甲車 | IS-3重戦車 | KS-90輪式自走砲 | +12 others 突撃
60%
中距離ミサイル | 大陸間弾道ミサイル | 短距離ミサイル | 遠距離ミサイル ミサイル
60%
BM-21 | T-44 | アルピーニ | +8 others 行軍
40%
幽霊部隊 | 機動歩兵 | 特殊兵 手榴弾
40%
特殊兵 | 精鋭歩兵 | 装甲歩兵 迫撃砲
40%
ホークアイ | 特殊兵 狙撃
40%
RPGロケット兵 | 特殊兵 | 精鋭歩兵 対戦車
40%
ホークアイ | 特殊兵 ジャングルの戦士
40%
特殊兵 砂漠の戦士
40%
ブランデンブルク師団 | 特殊兵 武士
40%
80cm列車砲グスタフ | HIMARS | HMS PoW | +21 others 対空
40%
BM-21 | HIMARS | スーパーロケット砲 | +4 others ロケット砲
40%
UボートⅦ型 | スーパー潜水艦 | 潜水艦 魚雷
40%
UボートⅦ型 | スーパー潜水艦 | 潜水艦 潜航
40%
アーレイ・バーク級 | スーパー戦艦 | リシュリュー級戦艦 | +3 others 艦砲
40%
Ju87 シュトゥーカ | アーレイ・バーク級 | 雪風駆逐艦 | 駆逐艦 爆雷
40%
エンタープライズ | ステルス爆撃機 | 爆撃機 | +2 others 爆撃
40%
B-52戦略爆撃機 | ステルス戦略爆撃機 | スーパー空母 | 戦略爆撃機 戦略爆撃
40%
空挺兵 空挺
40%
ステルス戦略爆撃機 | ステルス戦闘機 | ステルス爆撃機 ステルス
40%
地雷 地雷
40%
機雷 | 高級機雷 機雷
40%
BM-21 | M1A1エイブラムス | ホークアイ 虚をついて攻める
40%
アルピーニ | 特殊兵 山岳の戦士
20%
特殊兵 | 衛生兵 民兵
20%
アーレイ・バーク級 | 雪風駆逐艦 | 駆逐艦 掃海
20%
エンタープライズ | スーパー空母 | 空母 | 赤城 空母
20%
P-40戦闘機 | ステルス戦闘機 | スピットファイア | 戦闘機 空襲
20%
対空機関銃 対空機関銃
20%
対空砲 対空砲
20%
対空ミサイル 対空ミサイル
20%
大きな砦 | 巨大な砦 | 砦
20%
大きな砦 | 巨大な砦 | 砦 援軍
20%
T-44 傾斜装甲
20%
E-775装甲車 | KS-90輪式自走砲 | SVA-23航空機 ナノ修復
20%
M7自走砲 制圧射撃
20%
HIMARS 天穹ロックオン
20%
HMS PoW 大口径艦砲
20%
リシュリュー級戦艦 共同攻撃
20%
AH-64 アパッチ 電磁パルス
20%
SVA-23航空機 制圧
20%
海岸砲 海防
0%
対空ミサイル | 対空機関銃 | 対空砲 レーダー
0%
高級機雷 海域封鎖
0%
ブランデンブルク師団 急行軍
0%
ブランデンブルク師団 勇気の鼓舞
0%
80cm列車砲グスタフ | B-4榴弾砲 | HIMARS | +4 others 致命的な打撃
0%
ホークアイ 正確な狙撃
0%
衛生兵 応急手当
0%
衛生兵 後方支援
0%
衛生兵 臨界防御
0%
アルピーニ 牽制
0%
アルピーニ 拘束
0%
RPGロケット兵 ロケット攻撃
0%
RPGロケット兵 防弾チョッキ
0%
RPGロケット兵 赤外線照準
0%
AuF1自走砲 | BM-21 | KS-90輪式自走砲 | RPGロケット兵 会心の一撃
0%
工兵部隊 地雷配備
0%
工兵部隊 工程整備
0%
工兵部隊 トンネル発掘
0%
工兵部隊 戦術防御
0%
幽霊部隊 ファントム
0%
幽霊部隊 暗殺
0%
幽霊部隊 緊急手当て
0%
幽霊部隊 降下呼出し
0%
T-44 弾道偏向
0%
キングタイガー 対戦車砲
0%
キングタイガー | リシュリュー級戦艦 鋼鉄の破壊者
0%
M26パーシング 砲兵キラー
0%
M26パーシング 制圧継続
0%
IS-3重戦車 楔形装甲
0%
IS-3重戦車 対戦車兵器
0%
IS-3重戦車 | ヴルフラーメン40 火力強化
0%
センチュリオン戦車 煙幕弾
0%
M7自走砲 | センチュリオン戦車 徹甲弾
0%
センチュリオン戦車 視界妨害
0%
T-72 本土優位
0%
T-72 平穏無事
0%
T-72 即時配備
0%
M1A1エイブラムス 劣化ウラン弾
0%
M1A1エイブラムス 劣化ウラン装甲
0%
戦術装甲車“ハイヴ” 重機関銃
0%
戦術装甲車“ハイヴ” スウォーム展開
0%
AH-64 アパッチ | Mi-24 ハインド | SVA-23航空機 | UAV“スティンガー” 空中優勢
0%
AH-64 アパッチ | SVA-23航空機 | UAV“スティンガー” 機動回避
0%
UAV“スティンガー” リモートセンシング殲滅
0%
UAV“スティンガー” 戦術起動
0%
E-775装甲車 レーザー
0%
E-775装甲車 火器管制妨害
0%
E-775装甲車 火力浸透
0%
天罰主力戦車 ナノ再構築
0%
天罰主力戦車 パルス振動
0%
天罰主力戦車 天怒神罰
0%
8.8 cm Flak 36 | B-4榴弾砲 | M7自走砲 空挺奇襲
0%
80cm列車砲グスタフ 巨砲
0%
80cm列車砲グスタフ 軌道施設
0%
BM-21 一斉射撃
0%
B-4榴弾砲 攻略
0%
ヴルフラーメン40 追い打ち
0%
RT-2PM2 | タイフーン型 ミサイル攻撃
0%
RT-2PM2 | タイフーン型 戦略核抑止
0%
RT-2PM2 偽装守備
0%
B-52戦略爆撃機 | RT-2PM2 原子力打撃
0%
AuF1自走砲 復讐打撃
0%
AuF1自走砲 保護装置
0%
HIMARS 破滅の一撃
0%
HIMARS 軽量シャーシ
0%
8.8 cm Flak 36 鋼鉄の守護者
0%
8.8 cm Flak 36 遠距離制圧
0%
8.8 cm Flak 36 視界ロック
0%
UボートⅦ型 群狼突撃
0%
UボートⅦ型 多重攻撃
0%
HMS PoW 高級機雷敷設
0%
リシュリュー級戦艦 装甲要塞
0%
赤城 態勢整備
0%
赤城 集中空襲
0%
エンタープライズ 海上空港
0%
エンタープライズ 榴弾
0%
タイフーン型 深海潜航
0%
雪風駆逐艦 共闘
0%
雪風駆逐艦 迅速回避
0%
アーレイ・バーク級 飽和攻撃
0%
アーレイ・バーク級 射撃管制レーダー
0%
C-47 スカイトレイン | スピットファイア 空戦の覚悟
0%
Mi-24 ハインド | SVA-23航空機 | スピットファイア 高速機関砲
0%
Ju87 シュトゥーカ 急降下
0%
Ju87 シュトゥーカ 戦術爆撃
0%
C-47 スカイトレイン 空輸
0%
P-40戦闘機 解体工事
0%
P-40戦闘機 飛虎攻撃
0%
B-52戦略爆撃機 高高度爆撃
0%
B-52戦略爆撃機 超過積載
0%
B-52戦略爆撃機 空域制圧
0%
Mi-24 ハインド 銃撃制圧
0%
Mi-24 ハインド 起動回避
0%
AH-64 アパッチ ヘルファイアミサイル
0%
AH-64 アパッチ 低高度空襲
0%
戦術装甲車“ハイヴ” EMCON
0%
No matching quizzes found
Score Distribution
Percent of People with Each Score
Percentile by Number Answered
Your Score History
You have not taken this quiz